[Event "PRO League Group Stage"]
[Site "chess.com INT"]
[Date "2018.01.18"]
[Round "1"]
[White "Thorfinnsson, Bragi"]
[Black "Maurizzi, Marc Andria"]
[Result "1-0"]
[WhiteTitle "IM"]
[BlackTitle "CM"]
[WhiteElo "2426"]
[BlackElo "2018"]
[WhiteTeam "Reykjavik Puffins"]
[BlackTeam "Marseille Migraines"]
[WhiteFideId "2300958"]
[BlackFideId "36083534"]
[EventDate "2018.01.18"]

1. d4 d6 2. e4 Nf6 3. Nc3 e5 4. dxe5 dxe5 5. Qxd8+ Kxd8 6. Bc4 Be6 7. Bxe6 fxe6
8. Nf3 Nc6 9. Be3 Bb4 10. O-O-O+ Ke7 11. Nd2 Bxc3 12. bxc3 Rad8 13. f3 Na5 14.
c4 b6 15. c5 b5 16. h3 c6 17. f4 exf4 18. Bxf4 Nb7 19. e5 Nd5 20. Bg5+ Kf7 21.
Bxd8 Rxd8 22. Ne4 Kg6 23. Rhf1 Re8 24. Rd3 Re7 25. Rf8 Kh6 26. Rdf3 Kg6 27. Rg3+
Kh6 28. Ng5 Nf4 29. Rxf4 1-0

[Event "PRO League Group Stage"]
[Site "chess.com INT"]
[Date "2018.01.18"]
[Round "1"]
[White "Bacrot, Etienne"]
[Black "Gretarsson, Hjorvar Steinn"]
[Result "1-0"]
[WhiteTitle "GM"]
[BlackTitle "GM"]
[WhiteElo "2722"]
[BlackElo "2565"]
[WhiteTeam "Marseille Migraines"]
[BlackTeam "Reykjavik Puffins"]
[WhiteFideId "605506"]
[BlackFideId "2302241"]
[EventDate "2018.01.18"]

1. e4 e5 2. Nf3 Nc6 3. Bb5 a6 4. Ba4 Nf6 5. d3 d6 6. O-O b5 7. Bb3 Be7 8. a3 O-O
9. Nc3 Na5 10. Ba2 Be6 11. b4 Bxa2 12. Rxa2 Nc6 13. Bg5 Qd7 14. Bxf6 Bxf6 15.
Nd5 a5 16. Nxf6+ gxf6 17. Rb2 axb4 18. axb4 f5 19. Nh4 f4 20. Nf5 Kh8 21. d4 Rg8
22. Rb3 Rg5 23. dxe5 Nxe5 24. Qc1 Rag8 25. g3 f3 26. Nd4 Qh3 27. Nxf3 Rh5 28.
Re1 Rg4 29. Qa1 Kg8 30. Qa8+ Kg7 31. Ree3 Nxf3+ 32. Rxf3 Qxh2+ 33. Kf1 Re5 34.
Rbe3 Qh1+ 35. Ke2 Qb1 36. Rxf7+ Kxf7 37. Rf3+ Ke7 38. Qf8+ Kd7 39. Rf7+ Kc6 40.
Qa8+ 1-0

[Event "PRO League Group Stage"]
[Site "chess.com INT"]
[Date "2018.01.18"]
[Round "1"]
[White "Bacrot, Etienne"]
[Black "Thorfinnsson, Bjorn"]
[Result "0-1"]
[WhiteTitle "GM"]
[BlackTitle "IM"]
[WhiteElo "2722"]
[BlackElo "2400"]
[WhiteTeam "Marseille Migraines"]
[BlackTeam "Reykjavik Puffins"]
[WhiteFideId "605506"]
[BlackFideId "2300982"]
[EventDate "2018.01.18"]

1. e4 e5 2. Nf3 Nc6 3. Bb5 Nge7 4. Nc3 d6 5. d4 Bd7 6. dxe5 dxe5 7. O-O Ng6 8.
Bc4 Be7 9. Nd5 O-O 10. Nxe7+ Qxe7 11. Bg5 Qe8 12. c3 Be6 13. Bxe6 Qxe6 14. Qb3
Qxb3 15. axb3 f6 16. Be3 Kf7 17. Rfd1 Rfd8 18. b4 a6 19. Nd2 Nd4 20. Nc4 Nc2 21.
Rac1 Nxe3 22. Nxe3 Nf4 23. Kf1 Ne6 24. Ke2 Nf4+ 25. Kf1 Ne6 26. Nd5 Rd7 27. Ne3
Rad8 28. Rxd7+ Rxd7 29. Ke1 Nf4 30. Rb1 g6 31. g3 Ne6 32. Ke2 c6 33. Rf1 Ke8 34.
Nc4 c5 35. bxc5 Nxc5 36. f3 Nb3 37. Ra1 Nxa1 0-1

[Event "PRO League Group Stage"]
[Site "chess.com INT"]
[Date "2018.01.18"]
[Round "1"]
[White "Haldorsen, Benjamin"]
[Black "Hakobyan, Aram"]
[Result "0-1"]
[WhiteTitle "FM"]
[BlackTitle "IM"]
[WhiteElo "2405"]
[BlackElo "2479"]
[WhiteTeam "Oslo Trolls"]
[BlackTeam "Armenia Eagles"]
[WhiteFideId "1512633"]
[BlackFideId "13306677"]
[EventDate "2018.01.18"]

1. e4 e6 2. d4 d5 3. Nc3 Bb4 4. exd5 exd5 5. Bd3 Nf6 6. a3 Be7 7. h3 O-O 8. Qf3
Re8 9. Nge2 c6 10. O-O Nbd7 11. Ng3 Nf8 12. Nf5 Bxf5 13. Qxf5 g6 14. Qf3 Ne6 15.
Ne2 Bd6 16. c3 Ne4 17. Re1 N4g5 18. Qe3 Nf4 19. Nxf4 Rxe3 20. Bxe3 Qf6 21. Ne2
Re8 22. b4 Ne4 23. a4 h5 24. b5 h4 25. Rf1 Bc7 26. Rab1 Nxc3 27. Nxc3 Qd6 28.
Rfe1 Qh2+ 29. Kf1 Bf4 30. bxc6 bxc6 31. Ne2 Rxe3 32. fxe3 Bxe3 33. Rb2 Qh1+ 34.
Ng1 Qxg1+ 35. Ke2 Qf2+ 36. Kd1 Qxb2 37. Rxe3 Qxd4 38. Kd2 Qxa4 39. Re8+ Kg7 40.
Re7 Qb4+ 0-1

[Event "PRO League Group Stage"]
[Site "chess.com INT"]
[Date "2018.01.18"]
[Round "1"]
[White "Haldorsen, Benjamin"]
[Black "Manukian, Artak"]
[Result "0-1"]
[WhiteTitle "FM"]
[WhiteElo "2405"]
[BlackElo "2196"]
[WhiteTeam "Oslo Trolls"]
[BlackTeam "Armenia Eagles"]
[WhiteFideId "1512633"]
[BlackFideId "13301373"]
[EventDate "2018.01.18"]

1. e4 c6 2. d4 d5 3. e5 Bf5 4. Nf3 e6 5. Be2 Nd7 6. O-O h6 7. Nbd2 Ne7 8. Nb3
Nc8 9. Bd2 Be7 10. Rc1 O-O 11. c4 dxc4 12. Na5 Rb8 13. Nxc4 Ndb6 14. Qb3 Nxc4
15. Bxc4 Nb6 16. Ba5 Be4 17. Rfd1 Qd7 18. Bxb6 axb6 19. a4 Rfd8 20. Qxb6 Bxf3
21. gxf3 Bg5 22. Rc3 Bf4 23. Rcd3 Qe7 24. a5 Qh4 25. b4 Bxh2+ 26. Kf1 Bxe5 27.
Bxe6 Bf6 28. Bb3 Re8 29. Re3 Bg5 30. Re5 Bf4 31. Qc7 Bxe5 32. Bxf7+ Kh7 33. dxe5
Rbd8 34. Rd6 Qh1+ 35. Ke2 Rxe5+ 36. Kd2 Qe1+ 37. Kc2 Re2+ 38. Kb3 Qb1+ 39. Ka3
Qa1+ 40. Kb3 Rb2+ 41. Kc4 Qc1+ 42. Kd4 Rd2+ 43. Ke5 R2xd6 44. Qxb7 Qg5+ 0-1

[Event "PRO League Group Stage"]
[Site "chess.com INT"]
[Date "2018.01.18"]
[Round "1"]
[White "Fedoseev, Vladimir3"]
[Black "Bartholomew, John"]
[Result "1-0"]
[WhiteTitle "GM"]
[BlackTitle "IM"]
[WhiteElo "2724"]
[BlackElo "2459"]
[WhiteTeam "Saint Louis Arch Bishops"]
[BlackTeam "Minnesota Blizzard"]
[WhiteFideId "24130737"]
[BlackFideId "2019353"]
[EventDate "2018.01.18"]

1. d4 d5 2. Nf3 Nf6 3. c4 c6 4. Qc2 dxc4 5. Qxc4 Bf5 6. g3 e6 7. Bg2 Nbd7 8. O-O
Be7 9. Nc3 O-O 10. Re1 Ne4 11. Bf4 Rc8 12. Qa4 a6 13. Ne5 Nxc3 14. bxc3 Nxe5 15.
Bxe5 Bd6 16. e4 Bg6 17. Rad1 Qc7 18. Bxd6 Qxd6 19. h4 h6 20. d5 cxd5 21. exd5 e5
22. Qb4 Rfd8 23. Qxd6 Rxd6 24. Rxe5 Rxc3 25. h5 f6 26. Re6 Bxh5 27. Rxd6 Bxd1
28. Rd8+ Kf7 29. Rd7+ Kg6 30. Be4+ f5 31. Rd6+ Kg5 32. f4+ Kh5 33. Bxf5 Bc2 34.
Be6 Rxg3+ 35. Kf2 Kh4 36. Rb6 Be4 37. Rb4 Rg2+ 38. Ke3 Bg6 39. f5+ Kg5 40. fxg6
Kf6 41. Bf7 1-0

[Event "PRO League Group Stage"]
[Site "chess.com INT"]
[Date "2018.01.18"]
[Round "1"]
[White "Fedoseev, Vladimir3"]
[Black "Gurevich, Daniel"]
[Result "1/2-1/2"]
[WhiteTitle "GM"]
[BlackTitle "IM"]
[WhiteElo "2724"]
[BlackElo "2483"]
[WhiteTeam "Saint Louis Arch Bishops"]
[BlackTeam "Minnesota Blizzard"]
[WhiteFideId "24130737"]
[BlackFideId "2044676"]
[EventDate "2018.01.18"]

1. d4 d5 2. Nf3 Nf6 3. c4 dxc4 4. Nc3 a6 5. e3 e6 6. Bxc4 b5 7. Bd3 c5 8. Ne4
Nbd7 9. a4 c4 10. Nxf6+ Nxf6 11. Be2 Bb4+ 12. Bd2 Bxd2+ 13. Qxd2 Bb7 14. O-O O-O
15. Ne5 Ne4 16. Qc2 f6 17. Bf3 fxe5 18. Bxe4 Bxe4 19. Qxe4 exd4 20. axb5 dxe3
21. Qxe6+ Kh8 22. bxa6 exf2+ 23. Rxf2 Rxf2 24. Kxf2 Qd4+ 25. Kg3 Qxb2 26. Rf1 h6
27. Rf3 Qb5 28. h4 Rxa6 29. Rf8+ Kh7 30. Qg8+ Kg6 31. Qf7+ Kh7 32. Qg8+ Kg6 33.
Qf7+ Kh7 34. Qg8+ Kg6 1/2-1/2

[Event "PRO League Group Stage"]
[Site "chess.com INT"]
[Date "2018.01.18"]
[Round "1"]
[White "Morris, James"]
[Black "Tiglon, Bryce"]
[Result "0-1"]
[WhiteTitle "IM"]
[BlackTitle "IM"]
[WhiteElo "2477"]
[BlackElo "2385"]
[WhiteTeam "Australia Kangaroos"]
[BlackTeam "Seattle Sluggers"]
[WhiteFideId "3205800"]
[BlackFideId "2087456"]
[EventDate "2018.01.18"]

1. e4 e6 2. Qe2 c5 3. Nf3 Nc6 4. g3 Nf6 5. Bg2 e5 6. c3 Be7 7. d4 cxd4 8. cxd4
d5 9. exd5 Nxd4 10. Nxd4 exd4 11. O-O O-O 12. Qc4 Qb6 13. Nd2 Bd7 14. Re1 Rac8
15. Qb3 Bb4 16. a3 Bxd2 17. Qxb6 Rxc1 18. Rexc1 axb6 19. Rd1 Bh6 20. Rxd4 Rd8
21. f4 g6 22. Rc1 Bf8 23. b4 Bd6 24. Bf3 h5 25. Kf2 b5 26. Kg2 Re8 27. Rc3 Re1
28. Rd1 Re8 29. Rd4 Kg7 30. Rd1 Ng4 31. Rd4 Nf6 32. Rd1 Kh6 33. Rd4 Ng4 34. h3
Nf6 35. Rd1 Kg7 36. Rd4 Bf5 37. Rd1 Bc8 38. Rd4 Kf8 39. Rd1 Bd7 40. Rd4 Kg8 41.
Rd1 h4 42. gxh4 Bxf4 43. d6 Re6 44. Rc7 Bxd6 45. Rxb7 Kf8 46. Rb6 Ke7 47. Rd3
Nh5 48. Bxh5 gxh5 49. Rd5 Rh6 50. Rg5 Kd8 51. Ra6 Kc7 52. Ra7+ Kc6 53. Ra6+ Kb7
54. Ra5 Bc6+ 55. Kf2 Rf6+ 56. Ke2 Re6+ 57. Kd3 Re5 58. a4 f6 59. Rxe5 fxe5 60.
axb5 Bd5 61. Ke3 Bxb4 62. Ra1 Bc5+ 63. Ke2 Bc4+ 64. Kf3 Bd5+ 65. Ke2 e4 66. Rc1
Kb6 67. Rf1 Bc4+ 0-1

[Event "PRO League Group Stage"]
[Site "chess.com INT"]
[Date "2018.01.18"]
[Round "1"]
[White "Morris, James"]
[Black "Margvelashvili, Giorgi"]
[Result "0-1"]
[WhiteTitle "IM"]
[BlackTitle "GM"]
[WhiteElo "2477"]
[BlackElo "2530"]
[WhiteTeam "Australia Kangaroos"]
[BlackTeam "Seattle Sluggers"]
[WhiteFideId "3205800"]
[BlackFideId "13602926"]
[EventDate "2018.01.18"]

1. d4 Nf6 2. Nf3 e6 3. g3 b6 4. Bg2 Bb7 5. O-O c5 6. c3 Be7 7. Bf4 O-O 8. a4 Nc6
9. Na3 d5 10. Ne5 Na5 11. Nc2 Nd7 12. b4 Nxe5 13. bxa5 Nc4 14. axb6 axb6 15.
dxc5 bxc5 16. e4 e5 17. Bc1 d4 18. Na3 Nd6 19. cxd4 cxd4 20. Re1 Bc6 21. f4 Rxa4
22. fxe5 Nc4 23. Nc2 d3 24. Rxa4 Bxa4 0-1

[Event "PRO League Group Stage"]
[Site "chess.com INT"]
[Date "2018.01.18"]
[Round "1"]
[White "Yu, Yangyi"]
[Black "Ostrovskiy, Andrey"]
[Result "1-0"]
[WhiteTitle "GM"]
[BlackTitle "IM"]
[WhiteElo "2760"]
[BlackElo "2448"]
[WhiteTeam "Chengdu Pandas"]
[BlackTeam "Las Vegas Desert Rats"]
[WhiteFideId "8603820"]
[BlackFideId "14110326"]
[EventDate "2018.01.18"]

1. d4 Nf6 2. Bg5 e6 3. Nd2 h6 4. Bh4 c5 5. e4 cxd4 6. e5 g5 7. Bg3 Nd5 8. h4 g4
9. Qxg4 Nc6 10. Ngf3 d6 11. Bb5 Qa5 12. Nxd4 Bd7 13. Bxc6 bxc6 14. exd6 h5 15.
Qf3 Bg7 16. c3 Rb8 17. N4b3 Qa4 18. Nc5 Qg4 19. O-O-O Qxf3 20. Nxf3 Rg8 21. Rhe1
a5 22. Kc2 Rb5 23. Nxd7 Kxd7 24. a4 Rb7 25. Nd2 f5 26. Nc4 f4 27. Bh2 Bf6 28. g3
f3 29. Rd3 Rg4 30. b3 Nxc3 31. Rxc3 Bxc3 32. Kxc3 c5 33. Re3 Rb8 34. Rxf3 Rd4
35. Rf7+ Kc6 36. f3 Rd1 37. Rc7+ 1-0

[Event "PRO League Group Stage"]
[Site "chess.com INT"]
[Date "2018.01.18"]
[Round "1"]
[White "Gorovets, Andrey"]
[Black "Abrahamyan, Tatev"]
[Result "1/2-1/2"]
[WhiteTitle "GM"]
[BlackTitle "WGM"]
[WhiteElo "2517"]
[BlackElo "2332"]
[WhiteTeam "Dallas Destiny"]
[BlackTeam "San Diego Surfers"]
[WhiteFideId "13504037"]
[BlackFideId "13301918"]
[EventDate "2018.01.18"]

1. d4 Nf6 2. c4 e6 3. Nc3 Bb4 4. g3 O-O 5. Bg2 d5 6. Nf3 dxc4 7. O-O Nc6 8. a3
Be7 9. e4 Rb8 10. Qa4 Nxd4 11. Nxd4 Qxd4 12. Be3 Qe5 13. Qxc4 b5 14. Qe2 b4 15.
axb4 Rxb4 16. f4 Qh5 17. Bf3 Qh3 18. e5 Nd7 19. Rxa7 Bc5 20. Bg2 Qf5 21. Rxc7
Bxe3+ 22. Qxe3 Rxb2 23. Ne4 Nb6 24. Nd6 Qh5 25. Nxc8 Nxc8 26. h3 Nb6 27. g4 Qh4
28. Qd4 Nd5 29. Qxb2 Nxc7 30. Qb7 Nd5 31. Bxd5 exd5 32. Qxd5 Qxh3 33. Qf3 Qxf3
34. Rxf3 Re8 35. Kg2 g5 36. Kg3 gxf4+ 37. Kxf4 Kg7 38. Rd3 Re6 39. Kf5 Re7 40.
Rd6 Ra7 41. e6 fxe6+ 42. Rxe6 Ra5+ 43. Kf4 1/2-1/2

[Event "PRO League Group Stage"]
[Site "chess.com INT"]
[Date "2018.01.18"]
[Round "1"]
[White "Gorovets, Andrey"]
[Black "Sevian, Samuel"]
[Result "0-1"]
[WhiteTitle "GM"]
[BlackTitle "GM"]
[WhiteElo "2517"]
[BlackElo "2614"]
[WhiteTeam "Dallas Destiny"]
[BlackTeam "San Diego Surfers"]
[WhiteFideId "13504037"]
[BlackFideId "2040506"]
[EventDate "2018.01.18"]

1. d4 Nf6 2. c4 c5 3. Nf3 cxd4 4. Nxd4 e5 5. Nb5 d5 6. cxd5 Bc5 7. N5c3 O-O 8.
h3 e4 9. g4 e3 10. Bxe3 Bxe3 11. fxe3 Qd6 12. Qd4 Re8 13. Na3 a6 14. Qf4 Qc5 15.
Qd4 Qd6 16. Nc4 Qg3+ 17. Kd2 b5 18. Nb6 b4 19. Nd1 Ne4+ 20. Kd3 Ra7 21. Nxc8 Rc7
22. Nb6 Nc5+ 23. Kd2 Re4 24. Qd3 Nxd3 25. exd3 Re8 26. b3 Nd7 27. Nc4 Ne5 28.
Be2 Qg2 29. Rf1 Qxd5 30. Ndb2 Nxc4+ 31. Nxc4 Rxc4 32. bxc4 Qe5 33. e4 Qd4 34.
Rac1 Rxe4 35. Rf3 Qb2+ 0-1

[Event "PRO League Group Stage"]
[Site "chess.com INT"]
[Date "2018.01.18"]
[Round "1"]
[White "Chirila, Ioan-Cristian"]
[Black "Vazquez, Guillermo"]
[Result "1-0"]
[WhiteTitle "GM"]
[BlackTitle "IM"]
[WhiteElo "2557"]
[BlackElo "2436"]
[WhiteTeam "San Jose Hackers"]
[BlackTeam "Rio Grande Ospreys"]
[WhiteFideId "1211668"]
[BlackFideId "3702308"]
[EventDate "2018.01.18"]

1. b3 d5 2. Bb2 Bg4 3. g3 c6 4. Bg2 Nd7 5. Nf3 Ngf6 6. O-O e6 7. d3 Be7 8. h3
Bh5 9. e4 dxe4 10. dxe4 Nc5 11. Nbd2 Nfxe4 12. Nxe4 Qxd1 13. Raxd1 Nxe4 14. g4
Bg6 15. Bxg7 Rg8 16. Bb2 h5 17. Ne5 Bh7 18. Rfe1 Nf6 19. Nxc6 bxc6 20. Bxc6+ Kf8
21. Bxa8 hxg4 22. Bxf6 gxh3+ 23. Kh2 Bxf6 24. Be4 Bxe4 25. Rxe4 Rg2+ 26. Kxh3
Rxf2 27. Rd7 a5 28. c4 Rxa2 29. c5 Ra3 30. Rb7 a4 31. Rxa4 1-0

[Event "PRO League Group Stage"]
[Site "chess.com INT"]
[Date "2018.01.18"]
[Round "1"]
[White "Chirila, Ioan-Cristian"]
[Black "Belous, Vladimir"]
[Result "1-0"]
[WhiteTitle "GM"]
[BlackTitle "GM"]
[WhiteElo "2557"]
[BlackElo "2567"]
[WhiteTeam "San Jose Hackers"]
[BlackTeam "Rio Grande Ospreys"]
[WhiteFideId "1211668"]
[BlackFideId "4174003"]
[EventDate "2018.01.18"]

1. d4 Nf6 2. Bf4 d6 3. Nc3 c6 4. Qd2 b5 5. a3 Nbd7 6. Nf3 Nb6 7. e4 Bg4 8. d5
Bxf3 9. gxf3 Nc4 10. Bxc4 bxc4 11. dxc6 Qc7 12. Bg5 Qxc6 13. Bxf6 gxf6 14. Nd5
Rb8 15. O-O-O h5 16. Rhg1 Bh6 17. f4 e6 18. Nxf6+ Ke7 19. Nxh5 Rb5 20. Ng3 c3
21. bxc3 Qc5 22. Qe3 Qc8 23. Qxa7+ Kf8 24. Ne2 Bg7 25. Rxd6 Rb7 26. Qa5 Bf6 27.
Rgd1 Kg7 28. Rg1+ Kf8 29. Rgd1 Kg7 30. Rg1+ Kf8 31. Rgd1 Rc7 32. e5 Be7 33. Ra6
Kg7 34. Rg1+ Kh6 35. Qb5 Rd8 36. f5 Rb7 37. Qa4 Qb8 38. Qf4+ Kh7 39. Rg7+ Kxg7
40. f6+ Kf8 41. fxe7+ Kxe7 42. Nd4 Rb1+ 43. Kd2 Qb7 44. Qf6+ Ke8 45. Qh8+ Kd7
46. Rd6+ 1-0

[Event "PRO League Group Stage"]
[Site "chess.com INT"]
[Date "2018.01.18"]
[Round "1"]
[White "Sanhueza, Cristian"]
[Black "Shetty, Atulya"]
[Result "0-1"]
[BlackTitle "IM"]
[WhiteElo "2298"]
[BlackElo "2389"]
[WhiteTeam "Buenos Aires Krakens"]
[BlackTeam "Pittsburgh Pawngrabbers"]
[WhiteFideId "116815"]
[BlackFideId "2031213"]
[EventDate "2018.01.18"]

1. e4 e6 2. d4 d5 3. Nc3 Nf6 4. Bg5 Be7 5. e5 Nfd7 6. Bxe7 Qxe7 7. f4 a6 8. Nf3
c5 9. Qd2 Nc6 10. dxc5 Qxc5 11. O-O-O b5 12. Bd3 b4 13. Ne2 a5 14. Kb1 Ba6 15.
Bxa6 Rxa6 16. Ned4 g6 17. Qe2 Rb6 18. Nxc6 Rxc6 19. Nd4 Qc4 20. Qf2 Rb6 21. g4
O-O 22. h4 Nc5 23. h5 Ne4 24. Qe3 a4 25. hxg6 fxg6 26. Nf5 Rfb8 27. Nd6 Nc3+ 28.
Qxc3 bxc3 29. Nxc4 dxc4 30. b3 axb3 31. axb3 cxb3 32. cxb3 Rxb3+ 33. Kc2 R8b7
34. Rd6 Ra3 35. Rb1 Ra2+ 36. Kc1 Rxb1+ 37. Kxb1 Rf2 38. Rd4 h5 39. gxh5 gxh5 40.
Rc4 Kf7 41. Kc1 Kg6 42. Kd1 Kf5 43. Ke1 Rxf4 44. Rxc3 h4 45. Rc8 Kxe5 46. Rh8
Kd5 47. Ke2 e5 48. Ke3 Re4+ 49. Kf3 Ra4 50. Rd8+ Ke6 51. Re8+ Kd5 52. Rd8+ Kc4
53. Re8 Kd4 54. Rd8+ Kc5 55. Re8 Kd6 56. Rd8+ Ke7 57. Rh8 Kf7 58. Rh7+ Kf6 59.
Rh6+ Kg5 60. Rh8 Ra3+ 61. Ke4 Kg4 62. Rg8+ Kh3 63. Kxe5 Ra4 64. Rg7 Kh2 65. Rg8
Kh3 66. Kf5 Kh2 67. Ke5 h3 68. Rg7 Kh1 69. Rg8 h2 70. Rg7 Ra1 71. Kf4 Rg1 72.
Ra7 Kg2 73. Ra2+ Kh3 74. Ra3+ Kh4 75. Ra8 Rf1+ 76. Ke3 h1=Q 0-1

[Event "PRO League Group Stage"]
[Site "chess.com INT"]
[Date "2018.01.18"]
[Round "1"]
[White "Sanhueza, Cristian"]
[Black "Shabalov, Alexander"]
[Result "0-1"]
[BlackTitle "GM"]
[WhiteElo "2298"]
[BlackElo "2544"]
[WhiteTeam "Buenos Aires Krakens"]
[BlackTeam "Pittsburgh Pawngrabbers"]
[WhiteFideId "116815"]
[BlackFideId "2008572"]
[EventDate "2018.01.18"]

1. e4 Nc6 2. Nf3 d6 3. d4 Nf6 4. Nc3 g6 5. h3 Bg7 6. Be3 O-O 7. d5 Nb8 8. Be2 c6
9. O-O b5 10. a3 a6 11. Re1 Bb7 12. Bf1 cxd5 13. exd5 Nbd7 14. g3 Rc8 15. Bg2
Rxc3 16. bxc3 Nxd5 17. Bd4 e5 18. Be3 Qa8 19. a4 N7f6 20. axb5 Nxc3 21. Qxd6
Nxb5 22. Qd1 Rd8 23. Qe2 Nc3 24. Qc4 Rc8 25. Qf1 Bxf3 26. Rxa6 Qd5 27. Bxf3 Qxf3
28. Qg2 e4 29. Rea1 Ne2+ 30. Kh2 Qh5 31. Ra8 Ng4+ 32. Kh1 Rxa8 33. Rxa8+ Bf8 34.
h4 Qd5 35. Ra1 Bd6 36. Qf1 Nxg3+ 37. fxg3 Nxe3 38. Qf6 Nf5 39. g4 e3+ 40. Kg1
Nd4 41. c4 Ne2+ 42. Kf1 Ng3+ 43. Kg1 Qh1# 0-1

[Event "PRO League Group Stage"]
[Site "chess.com INT"]
[Date "2018.01.18"]
[Round "1"]
[White "Zherebukh, Yaroslav"]
[Black "Bartholomew, John"]
[Result "1-0"]
[WhiteTitle "GM"]
[BlackTitle "IM"]
[WhiteElo "2636"]
[BlackElo "2459"]
[WhiteTeam "Saint Louis Arch Bishops"]
[BlackTeam "Minnesota Blizzard"]
[WhiteFideId "14116804"]
[BlackFideId "2019353"]
[EventDate "2018.01.18"]

1. b3 d5 2. Bb2 Bg4 3. Nf3 Bxf3 4. exf3 e6 5. g3 Nf6 6. Bg2 g6 7. O-O Bg7 8. d4
O-O 9. Nd2 c5 10. dxc5 Na6 11. f4 Nxc5 12. c4 Rc8 13. cxd5 Nxd5 14. Bxg7 Kxg7
15. Nc4 b5 16. Bxd5 exd5 17. Qd4+ Qf6 18. Ne5 Rfd8 19. Rfc1 Ne6 20. Qxa7 Ra8 21.
Qb6 Rab8 22. Qe3 Ra8 23. Rc6 d4 24. Qd3 Qf5 25. Qxf5 gxf5 26. Nd3 Rdc8 27. Rxc8
Rxc8 28. Rc1 Rxc1+ 29. Nxc1 Nc5 30. Kf1 Kf6 31. Ke2 Ke6 32. f3 Kd5 33. Nd3 Nxd3
34. Kxd3 b4 35. g4 h6 36. h4 Kc5 37. h5 Kd5 38. g5 1-0

[Event "PRO League Group Stage"]
[Site "chess.com INT"]
[Date "2018.01.18"]
[Round "1"]
[White "Zherebukh, Yaroslav"]
[Black "Gurevich, Daniel"]
[Result "1-0"]
[WhiteTitle "GM"]
[BlackTitle "IM"]
[WhiteElo "2636"]
[BlackElo "2483"]
[WhiteTeam "Saint Louis Arch Bishops"]
[BlackTeam "Minnesota Blizzard"]
[WhiteFideId "14116804"]
[BlackFideId "2044676"]
[EventDate "2018.01.18"]

1. Nf3 d5 2. g3 Bg4 3. Bg2 c6 4. O-O e6 5. d3 Bd6 6. c4 Nf6 7. Qb3 Qb6 8. Be3
Qxb3 9. axb3 Na6 10. h3 Bh5 11. Nd4 Nb4 12. Nc3 Bg6 13. cxd5 Nfxd5 14. Nxd5 Nxd5
15. Bxd5 exd5 16. Bf4 Kd7 17. Bxd6 Kxd6 18. f4 c5 19. Nc2 f6 20. Kf2 h5 21. b4
c4 22. Rfd1 cxd3 23. exd3 Bf5 24. h4 a6 25. Nd4 Bg4 26. Rdc1 g5 27. b5 gxh4 28.
gxh4 Bd7 29. Ra5 Rhg8 30. bxa6 Rxa6 31. Rxa6+ bxa6 32. Ra1 Kc5 33. Nc2 Bb5 34.
d4+ Kd6 35. Ne3 Rb8 36. Nf5+ Ke6 37. Ng7+ Kf7 38. Nxh5 Bc4 39. Ng3 Rxb2+ 40. Kf3
Rd2 41. Rb1 Bb5 42. Rc1 Rxd4 43. Rc7+ Kg6 44. h5+ Kh6 45. Nf5+ 1-0

[Event "PRO League Group Stage"]
[Site "chess.com INT"]
[Date "2018.01.18"]
[Round "1"]
[White "Naroditsky, Daniel"]
[Black "Vazquez, Guillermo"]
[Result "1-0"]
[WhiteTitle "GM"]
[BlackTitle "IM"]
[WhiteElo "2619"]
[BlackElo "2436"]
[WhiteTeam "San Jose Hackers"]
[BlackTeam "Rio Grande Ospreys"]
[WhiteFideId "2026961"]
[BlackFideId "3702308"]
[EventDate "2018.01.18"]

1. b3 e5 2. Bb2 Nc6 3. Nf3 e4 4. Nd4 Nf6 5. e3 d5 6. Nxc6 bxc6 7. d3 Bb4+ 8. Nd2
O-O 9. a3 Bd6 10. dxe4 dxe4 11. Nc4 Re8 12. Be2 Nd5 13. Nxd6 cxd6 14. Qd4 Qg5
15. c4 Ne7 16. Qxd6 Bg4 17. Qg3 h5 18. h4 Qf5 19. O-O-O Qe6 20. Bxg4 hxg4 21.
Rd6 Qc8 22. h5 1-0

[Event "PRO League Group Stage"]
[Site "chess.com INT"]
[Date "2018.01.18"]
[Round "1"]
[White "Swiercz, Dariusz"]
[Black "Nagle, Sean"]
[Result "1/2-1/2"]
[WhiteTitle "GM"]
[BlackTitle "IM"]
[WhiteElo "2649"]
[BlackElo "2432"]
[WhiteTeam "Saint Louis Arch Bishops"]
[BlackTeam "Minnesota Blizzard"]
[WhiteFideId "1126881"]
[BlackFideId "2013878"]
[EventDate "2018.01.18"]

1. d4 g6 2. e4 Bg7 3. Nc3 d6 4. f4 Nf6 5. Nf3 e6 6. Bd3 Nc6 7. O-O O-O 8. Kh1 b6
9. Be3 Bb7 10. a3 Ne7 11. Qe2 d5 12. e5 Ne4 13. Bxe4 dxe4 14. Ng5 Nf5 15. Rad1
Ba6 16. Qxa6 Nxe3 17. Ngxe4 Nxf1 18. Qxf1 f6 19. g3 Kh8 20. Qc4 Qe7 21. Qc6 Rad8
22. Kg2 fxe5 23. dxe5 h6 24. h4 Qf7 25. Rxd8 Rxd8 26. Qb7 Rf8 27. Qxa7 Bxe5 28.
fxe5 Qf1+ 29. Kh2 Rf2+ 30. Nxf2 Qxf2+ 31. Kh1 Qf1+ 32. Kh2 Qf2+ 33. Kh3 Qf1+ 34.
Kh2 Qf2+ 35. Kh3 Qf1+ 36. Kh2 Qf2+ 37. Kh3 Qf1+ 1/2-1/2

[Event "PRO League Group Stage"]
[Site "chess.com INT"]
[Date "2018.01.18"]
[Round "1"]
[White "Swiercz, Dariusz"]
[Black "Tang, Andrew"]
[Result "0-1"]
[WhiteTitle "GM"]
[BlackTitle "IM"]
[WhiteElo "2649"]
[BlackElo "2513"]
[WhiteTeam "Saint Louis Arch Bishops"]
[BlackTeam "Minnesota Blizzard"]
[WhiteFideId "1126881"]
[BlackFideId "2059630"]
[EventDate "2018.01.18"]

1. e4 e5 2. Nf3 Nc6 3. Bb5 a6 4. Ba4 Nf6 5. O-O Be7 6. d3 b5 7. Bb3 d6 8. a4 b4
9. Nbd2 O-O 10. a5 Rb8 11. h3 Be6 12. Nc4 Nd7 13. Be3 Bf6 14. Re1 Re8 15. Nfd2
Bg5 16. Ba4 Bxe3 17. Rxe3 Ne7 18. c3 Rf8 19. d4 bxc3 20. bxc3 exd4 21. cxd4 d5
22. Bxd7 Qxd7 23. Ne5 Qd6 24. Nd3 dxe4 25. Nxe4 Qxd4 26. Ndc5 Qxd1+ 27. Rxd1 Nd5
28. Ra3 Rb5 29. Nxa6 Ra8 30. Nec5 c6 31. Kh2 h6 32. Re1 Kf8 33. Rxe6 fxe6 34.
Nxe6+ Kg8 35. Nec5 Ra7 36. h4 Kf7 37. Rf3+ Ke7 38. Rg3 Ke8 39. Ra3 Nb4 40. Nxb4
Rxb4 41. a6 Rb5 42. Rc3 Ke7 43. Kg3 Kd6 44. Ne4+ Kd5 45. f3 Rxa6 46. Rd3+ Ke6
47. Rd6+ Ke7 48. Rg6 Kf8 49. Kf4 Rb8 50. h5 Rc8 51. g4 Ra7 52. Nc5 Rf7+ 53. Kg3
Kg8 54. g5 hxg5 55. Rxg5 Kh7 56. f4 Re8 57. Kf3 Rb8 58. Ne6 Re8 59. Nc5 Rf6 60.
Ne4 Rfe6 61. Nc5 Re1 62. Rg2 Rf1+ 63. Kg4 Rf8 64. Ne6 Rf6 65. Ng5+ Kh6 66. Nh3
c5 67. Rc2 Rc6 68. Rc4 Rd1 69. Re4 Rd8 70. Rc4 Rd4 71. Rc2 c4 72. Re2 Rd8 73.
Rc2 c3 74. Ng5 Rd2 75. Rc1 c2 76. Nf7+ Kh7 77. Ng5+ Kg8 78. Re1 Rd8 79. Rc1 Rd1 0-1